| 000 | 00402nam a22001457a 4500 | ||
|---|---|---|---|
| 999 |
_c15042 _d15042 |
||
| 008 | 200207b ||||| |||| 00| 0 eng d | ||
| 020 | _a9780552175630 | ||
| 082 |
_22016 _aDFic _bSt32 |
||
| 100 |
_aSteel, Danielle. _941707 |
||
| 245 |
_aBlue/ _cDanielle Steel. |
||
| 260 |
_aLondon: _bTransworld Publishers, _c©2016. |
||
| 300 |
_a379 pages; _c17.5 cm. |
||
| 650 |
_aFiction _941708 |
||
| 942 |
_2ddc _cDFIC |
||